Методы обследования психосоматического статуса больных с синдромом болевой дисфункции височно-нижнечелюстного сустава (Запись № 13151107)

Подробности
000 -МАРКЕР
контрольное поле 02517nam0a2200337 4500
001 - ИДЕНТИФИКАТОР ЗАПИСИ
контрольное поле RU\NLR\BIBL_A\016360905
005 - ИДЕНТИФИКАТОР ВЕРСИИ
контрольное поле 20260405193000.0
010 ## - МЕЖДУНАРОДНЫЙ СТАНДАРТНЫЙ НОМЕР КНИГИ (ISBN)
Номер (ISBN) 978-5-93339-307-8
Тираж 500
035 ## - ДРУГИЕ СИСТЕМНЫЕ НОМЕРА
Идентификатор записи (NLR Aleph) 016360905
100 ## - ДАННЫЕ ОБЩЕЙ ОБРАБОТКИ
Данные общей обработки 20230503d2015 |||y0rusy50 ca
101 0# - ЯЗЫК РЕСУРСА
Язык текста, звукозаписи и т.д. русский
102 ## - СТРАНА ПУБЛИКАЦИИ ИЛИ ПРОИЗВОДСТВА
Страна публикации Российская Федерация
105 ## - ПОЛЕ КОДИРОВАННЫХ ДАННЫХ: ТЕКСТОВЫЕ МАТЕРИАЛЫ, МОНОГРАФИЧЕСКИЕ
Кодированные данные о монографическом текстовом документе a j 000zy
181 #0 - ПОЛЕ КОДИРОВАННЫХ ДАННЫХ: ВИД СОДЕРЖАНИЯ
Код вида содержания (ISBD) i
Код характеристики содержания (ISBD) axxe
182 #0 - ПОЛЕ КОДИРОВАННЫХ ДАННЫХ: ТИП СРЕДСТВА
Код типа средства (ISBD) n - непосредственное
200 1# - ЗАГЛАВИЕ И СВЕДЕНИЯ ОБ ОТВЕТСТВЕННОСТИ
Основное заглавие Методы обследования психосоматического статуса больных с синдромом болевой дисфункции височно-нижнечелюстного сустава
Сведения, относящиеся к заглавию учебное пособие
-- для врачей-стоматологов, врачей функциональной диагностики, слушателей курсов усовершенствования врачей
Первые сведения об ответственности Т. А. Лопушанская, Ю. В. Коцюбинская, В. А. Михайлов, И. А. Ашнокова
Последующие сведения об ответственности Государственное бюджетное образовательное учреждение высшего профессионального образования "Северо-Западный государственный медицинский университет имени И. И. Мечникова" Министерства здравоохранения Российской Федерации, Кафедра ортопедической стоматологии
203 ## - ВИД СОДЕРЖАНИЯ И ТИП СРЕДСТВА
Вид содержания Текст
Дополнительные сведения об издании визуальный
Тип средства непосредственный
210 ## - ПУБЛИКАЦИЯ, РАСПРОСТРАНЕНИЕ И ДР.
Место издания, распространения и т.д. Санкт-Петербург
Имя издателя, распространителя и т. д. Человек
Дата издания, распространения и т.д. 2015
215 ## - ФИЗИЧЕСКАЯ ХАРАКТЕРИСТИКА
Специфическое обозначение материала и объем 56 c.
Другие сведения о физической характеристике цв. ил., табл.
Размеры 21
320 ## - ПРИМЕЧАНИЯ О НАЛИЧИИ В ДОКУМЕНТЕ БИБЛИОГРАФИИ / УКАЗАТЕЛЯ
Текст примечания Библиогр.: с. 55-56 (15 назв.)
606 1# - НАИМЕНОВАНИЕ ТЕМЫ КАК ПРЕДМЕТ
Наименование темы Височно-нижнечелюстной сустав
Формальный подзаголовок Учебные издания для повышения квалификации
Тематический подзаголовок Дисфункции
-- Психосоматический статус больных
Системный номер авторитетной/нормативной записи 2564610
Идентификатор авторитетной/нормативной записи RU\NLR\AUTH\6601728907
686 1# - ИНДЕКСЫ ДРУГИХ КЛАССИФИКАЦИЙ
Индекс Р665.634-435я77
701 #1 - ИМЯ ЛИЦА - АЛЬТЕРНАТИВНАЯ ОТВЕТСТВЕННОСТЬ
Начальный элемент ввода Лопушанская
Часть имени, кроме начального элемента ввода Т. А.
Расширение инициалов личного имени Татьяна Алексеевна
701 #1 - ИМЯ ЛИЦА - АЛЬТЕРНАТИВНАЯ ОТВЕТСТВЕННОСТЬ
Начальный элемент ввода Коцюбинская
Часть имени, кроме начального элемента ввода Ю. В.
Расширение инициалов личного имени Юлия Вадимовна
701 #1 - ИМЯ ЛИЦА - АЛЬТЕРНАТИВНАЯ ОТВЕТСТВЕННОСТЬ
Графика поля Кириллица
Материалы, к которым относится поле rus
Начальный элемент ввода Михайлов
Часть имени, кроме начального элемента ввода В. А.
Дополнения к именам, кроме дат д-р мед. наук
Расширение инициалов личного имени Владимир Алексеевич
Системный номер авторитетной/нормативной записи 67758
Идентификатор авторитетной/нормативной записи RU\NLR\AUTH\7784830
701 #1 - ИМЯ ЛИЦА - АЛЬТЕРНАТИВНАЯ ОТВЕТСТВЕННОСТЬ
Начальный элемент ввода Ашнокова
Часть имени, кроме начального элемента ввода И. А.
Расширение инициалов личного имени Инна Аслановна
942 ## - ДОПОЛНИТЕЛЬНЫЕ ЭЛЕМЕНТЫ ЗАПИСИ (АБИС)
Тип экземпляра АБИС Книга
980 ## - КОЛЛЕКЦИЯ
Название коллекции Национальная библиография
Экземпляры
Тип экземпляра Дата поступления Источник поступления Стоимость Библиотека постоянного хранения Библиотека текущего хранения Место хранения Шифр хранения Штрих-код Статус экземпляра
Книга 03.05.2023 Покупка 271.33 РНБ (Московский) РНБ (Московский) Русский книжный фонд: издания с 1957 года 2023-4/6581 1-4309149